Dilapidations disputes (Record no. 71795)

MARC details
000 -LEADER
fixed length control field 00876cam a2200193 4500
001 - CONTROL NUMBER
control field ABS66239
008 - FIXED-LENGTH DATA ELEMENTS--GENERAL INFORMATION
fixed length control field 021217n2002 000 0 eng u
035 ## - SYSTEM CONTROL NUMBER
System control number (Sirsi) u120815
100 ## - MAIN ENTRY--PERSONAL NAME
Personal name Shaw, E.
245 ## - TITLE STATEMENT
Title Dilapidations disputes
260 ## - PUBLICATION, DISTRIBUTION, ETC.
Date of publication, distribution, etc. 2002
490 ## - SERIES STATEMENT
Series statement Solicitors' Journal
Volume/sequential designation 146(43) 15 November 2002, 1027(1)
520 ## - SUMMARY, ETC.
Summary, etc. Reviews the new RICS "Dilapidations guidance note" which aims to provide comprehensive guidance to practitioners on the impact of the Civil Procedure Rules on dilapidations practice and procedures. The guidance note contains a considerable contribution from solicitors, which reflects the increasing tendency for solicitors and surveyors to work together to resolve dilapidations disputes.
590 ## - LOCAL NOTE (RLIN)
Local note ABS
650 ## - SUBJECT ADDED ENTRY--TOPICAL TERM
Topical term or geographic name entry element CIVIL PROCEDURE RULES
650 ## - SUBJECT ADDED ENTRY--TOPICAL TERM
Topical term or geographic name entry element Dilapidations
9 (RLIN) 6235
690 ## - LOCAL SUBJECT ADDED ENTRY--TOPICAL TERM (OCLC, RLIN)
Topical term or geographic name as entry element Dispute resolution
9 (RLIN) 6236
942 ## - ADDED ENTRY ELEMENTS (KOHA)
Suppress in OPAC 0
Holdings
Withdrawn status Lost status Source of classification or shelving scheme Damaged status Not for loan Home library Current library Shelving location Date acquired Total Checkouts Full call number Barcode Date last seen Copy number Price effective from Koha item type
    Dewey Decimal Classification     London London Journal article 17/12/2002   ABS66239 120815-1001 06/08/2019 1 06/08/2019 Journal article